Los puntos cardinales de las ventas / (Record no. 136982)

MARC details
000 -LEADER
campo de control de longitud fija 00536nam a2200169 4500
001 - NÚMERO DE CONTROL
campo de control 136982
003 - IDENTIFICADOR DE NÚMERO DE CONTROL
campo de control ES-MaACL
005 - FECHA Y HORA DE LA ÚLTIMA TRANSACCIÓN
campo de control 20230906195258.0
007 - CAMPO FIJO DE DESCRIPCIÓN FÍSICA--INFORMACIÓN GENERAL
campo de control de longitud fija t|
008 - DATOS DE LONGITUD FIJA--INFORMACIÓN GENERAL
campo de control de longitud fija 070214s1962 sp r ||||1| spa d
100 1# - ENTRADA PRINCIPAL--NOMBRE DE PERSONA
Nombre de persona Saint Maur, René François.
9 (RLIN) 101541
245 14 - MENCIÓN DEL TÍTULO
Título Los puntos cardinales de las ventas /
Mención de responsabilidad, etc. René François Saint Maur ; traducción de Pablo Gil Castro.
260 ## - PUBLICACIÓN, DISTRIBUCIÓN, ETC.
Lugar de publicación, distribución, etc. Bilbao :
Nombre del editor, distribuidor, etc. Deusto,
Fecha de publicación, distribución, etc. 1962.
300 ## - DESCRIPCIÓN FÍSICA
Extensión 110 p. :
Otras características físicas il. ;
Dimensiones 21 cm.
700 1# - ENTRADA AGREGADA--NOMBRE PERSONAL
Nombre de persona Gil Castro, Pablo.
9 (RLIN) 56779
852 ## - LOCALIZACIÓN
Ubicación ES-MaACL
Número de control de estantería C-23868
Sublocalización o colección R.52583
Holdings
Estatus retirado Estado de pérdida Estado de daño No para préstamo Biblioteca de origen Biblioteca actual Ubicación en estantería Fecha de adquisición Fuente de adquisición Total de préstamos Signatura topográfica completa Código de barras Visto por última vez Precio de reemplazo Tipo de ítem Koha
        Biblioteca del Ateneo de Madrid Biblioteca del Ateneo de Madrid Depósito 2 17/01/2008     C-23868 1142554 23/02/2023 23/02/2023 Libro impreso